|
|
|
|
| LEADER |
00000nam2a2200000 4500 |
| 001 |
238178 |
| 005 |
20231101231605.0 |
| 035 |
|
|
|a (RuTPU)RU\TPU\book\259362
|
| 035 |
|
|
|a RU\TPU\book\259343
|
| 090 |
|
|
|a 238178
|
| 100 |
|
|
|a 20130522d1927 km y0rusy50 ca
|
| 101 |
0 |
|
|a rus
|
| 102 |
|
|
|a RU
|
| 105 |
|
|
|a a j 001zy
|
| 200 |
0 |
|
|a Т. 1
|
| 210 |
|
|
|d 1927
|
| 215 |
|
|
|a 348 с.
|c ил.
|
| 317 |
|
|
|5 63413507: КР-1201
|a Поступила в НТБ в 2004 г. в составе книжного собрания профессора ТПИ К. В. Радугина
|
| 317 |
|
|
|5 63413507: КР-1295
|a Поступила в составе книжного собрания профессора ТТИ Д. А. Стрельникова
|
| 320 |
|
|
|a Таблицы: с. 319-341
|
| 461 |
|
1 |
|0 (RuTPU)RU\TPU\book\259343
|t Полевая геология
|o [в 2 т.]
|f В. А. Обручев
|v Т. 1
|d 1927
|s Серия редакции журнала "Нефтяное хозяйство"
|
| 606 |
1 |
|
|a Полевая геология
|2 stltpush
|3 (RuTPU)RU\TPU\subj\50053
|9 68810
|
| 610 |
1 |
|
|a снаряжение
|
| 610 |
1 |
|
|a приемы работы
|
| 610 |
1 |
|
|a задачи
|
| 610 |
1 |
|
|a карты
|
| 610 |
1 |
|
|a съемка геологическая
|
| 610 |
1 |
|
|a нивелирование
|
| 610 |
1 |
|
|a осадочные породы
|
| 610 |
1 |
|
|a органические остатки
|
| 610 |
1 |
|
|a изверженные породы
|
| 610 |
1 |
|
|a метаморфические породы
|
| 610 |
1 |
|
|a дислокационные структуры
|
| 610 |
1 |
|
|a геологические границы
|
| 610 |
1 |
|
|a наблюдения
|
| 610 |
1 |
|
|a геологические профили
|
| 610 |
1 |
|
|a геологические карты
|
| 610 |
1 |
|
|a отчеты
|
| 610 |
1 |
|
|a труды учёных ТПУ
|
| 610 |
1 |
|
|a коллекция В. А. Обручева
|
| 610 |
1 |
|
|a библиотека К. В. Радугина
|
| 610 |
1 |
|
|a коллекция Д. А. Стрельникова
|
| 675 |
|
|
|a 550.8.02(075.8)
|v 3
|
| 801 |
|
1 |
|a RU
|b 63413507
|c 20130522
|
| 801 |
|
2 |
|a RU
|b 63413507
|c 20200601
|g RCR
|
| 942 |
|
|
|c BK
|